000 00644cam a2200205 4500
001 WB3611-37
008 000000n2000 000 0 eng u
035 _a(Sirsi) u104864
245 _aPlan to boost community role in forestry
260 _c2000
490 _aScotsman
_v 15v March 2000, 33(1)
520 _aThe Scottish executive has introduced a draft strategy for forestry, which aims to develop the industry, while protecting the environment.
590 _aWB
650 _aFORESTRY POLICY
650 _aSCOTLAND
650 _aSCOTTISH EXECUTIVE
650 _aFORESTS
690 _aRURAL-AGRICULTURE AND FORESTRY
942 _n0
999 _c62908
_d62908